000 00463nam a22001577a 4500
020 _a9788177581232
040 _cNust
082 _a620.1
_bSHA
100 _aIrving H. Shames
_926227
110 _aG. Krishna mohana Rao
_9125021
245 _aEngineering mechanics status and dynamics
250 _a4th edition
260 _aNew Delhi:
_bPearson education services,
_c2004.
650 _aEngineering mechanics status and dynamics
_9125022
942 _2ddc
_cBK
999 _c610784
_d610784